000 00945nmc a2200301 a 4500
003 AR-BaBNM
005 20251128211748.0
008 216020s1998 ||||||||||||||000 | spa||
020 _a84-88713-62-2
040 _cAR-BaBNM
100 1 _aMolina Valero, Juan Manuel
245 1 0 _aEstudios sobre aprendizaje, uso de lenguas y teoría gramatical
260 _aLogroño
_bUniversidad de La Rioja
_c1998
300 0 _a125 p.
490 0 _aBiblioteca de investigación
_vv. 11
504 _aContiene referencias bibliográficas
650 4 _aLINGUISTICA
650 4 _aGRAMATICA GENERATIVA
650 4 _aENSENANZA DE SEGUNDA LENGUA
650 4 _aTEORIAS DEL APRENDIZAJE
653 0 _aENSENANZA DE LA LENGUA
653 0 _aADQUISICION DEL LENGUAJE
700 1 _aRuiz de Mendoza Ibáñez, Francisco José
700 1 _aSantana Martínez, Pedro
700 1 _aCunchillos Jaime, Carmelo
_eeditor
942 _cBK
998 _cme-solo cat
999 _c21001
_d21001